Upliftment of OBCs human rights perspective (Record no. 443079)

000 -LEADER
fixed length control field 00473cam a22001577a 4500
008 - FIXED-LENGTH DATA ELEMENTS--GENERAL INFORMATION
fixed length control field 180718b2012 xxu||||| |||| 00| 0 eng d
020 ## - INTERNATIONAL STANDARD BOOK NUMBER
International Standard Book Number 9788131604755
082 ## - DEWEY DECIMAL CLASSIFICATION NUMBER
Classification number BA27x54 K527u
100 ## - MAIN ENTRY--PERSONAL NAME
Personal name Khan, Najibul Hasan
245 ## - TITLE STATEMENT
Title Upliftment of OBCs human rights perspective
Statement of responsibility, etc. by Najibul Hasan Khan
260 ## - PUBLICATION, DISTRIBUTION, ETC.
Place of publication, distribution, etc. Jaipur
Name of publisher, distributor, etc. Rawat
Date of publication, distribution, etc. 2012
300 ## - PHYSICAL DESCRIPTION
Extent 226p.
650 ## - SUBJECT ADDED ENTRY--TOPICAL TERM
Topical term or geographic name entry element People with social disabilities -- India
650 ## - SUBJECT ADDED ENTRY--TOPICAL TERM
Topical term or geographic name entry element Human rights -- India
650 ## - SUBJECT ADDED ENTRY--TOPICAL TERM
Topical term or geographic name entry element Dalits -- India
Holdings
Withdrawn status Lost status Damaged status Not for loan Permanent Location Current Location Date acquired Full call number Barcode Date last seen Price effective from Koha item type
        Indian Institute of Public Administration Indian Institute of Public Administration 2013-03-13 BA27x54 K527u 85047 2018-07-21 2018-07-21 Book

Powered by Koha